MGMT: PRINCIPLE OF MANAGEMENT (Record no. 4453)

MARC details
000 -LEADER
fixed length control field 00324nam a22001337a 4500
008 - FIXED-LENGTH DATA ELEMENTS--GENERAL INFORMATION
fixed length control field 250811b |||||||| |||| 00| 0 eng d
020 ## - INTERNATIONAL STANDARD BOOK NUMBER
ISBN 9780538743525
100 ## - MAIN ENTRY--AUTHOR
Author WILLIAM CHUCK
245 ## - TITLE STATEMENT
Title MGMT: PRINCIPLE OF MANAGEMENT
260 ## - PUBLICATION, DISTRIBUTION, ETC. (IMPRINT)
Place of publication USA
Name of publisher SOUTH-WESTERN
Date of publication 2011
300 ## - COLLATION
Pagination 368p.
942 ## - ADDED ENTRY ELEMENTS (KOHA)
Item type Books
050 ## - LIBRARY OF CONGRESS CALL NUMBER
Classification number HD 58.9
Item number .W55
Holdings
Source of classification or shelving scheme Not for loan Permanent location Current location Date acquired Accession No. Full call number Barcode. Koha item type
Library of Congress Classification   Samuel Ogbemudia Main Library, University of Abuja Samuel Ogbemudia Main Library, University of Abuja 08/11/2025 2016/46087 HD 58.9.W55 2025-3232 Books
Library of Congress Classification   Samuel Ogbemudia Main Library, University of Abuja Samuel Ogbemudia Main Library, University of Abuja 08/11/2025 2016/46087 HD 58.9.W55 2025-3233 Books